000 00681nam a2200205 i 4500
001 171947
003 ES-MaACL
005 20250808062819.0
008 090609s1984 sp |||| | spa d
017 _aM 43757-1984
020 _a84-220-1174-3
100 1 _aGarcía Escudero, José María.
_954570
245 1 0 _aYa
_b: medio siglo de historia, 1935-1985 /
_cpor José Mª García Escudero.
260 _aMadrid :
_bLa Editorial Católica,
_c1984.
300 _aVIII, 510 p., 1 h. ;
_c20 cm.
490 1 _aBiblioteca de autores cristianos ;
_v460
830 0 0 _aBiblioteca de autores cristianos
_v460
_9178679
852 _aES-MaACL
_jJ-449
_9R.46092
999 _c171947
_d171947